LEADER 01865nam 2200625 450 001 9910162718003321 005 20170809151642.0 010 $a1-5095-0581-4 035 $a(CKB)3710000000495653 035 $a(EBL)4044071 035 $a(SSID)ssj0001569645 035 $a(PQKBManifestationID)16218179 035 $a(PQKBTitleCode)TC0001569645 035 $a(PQKBWorkID)12783467 035 $a(PQKB)10190453 035 $a(MiAaPQ)EBC4044071 035 $a(EXLCZ)993710000000495653 100 $a20151109h20152015 uy 0 101 0 $aeng 135 $aur|n|---||||| 181 $ctxt 182 $cc 183 $acr 200 10$aWho is Charlie? $exenophobia and the new middle class /$fEmmanuel Todd ; maps and diagrams by Philippe Laforgue ; translated by Andrew Brown 210 1$aCambridge, England ;$aMalden, Massachusetts :$cPolity,$d2015. 210 4$dİ2015 215 $a1 online resource (172 p.) 300 $aIncludes index. 311 $a1-5095-0578-4 311 $a1-5095-0577-6 606 $aXenophobia$zFrance 606 $aSocial classes$zFrance 606 $aReligion and social status$zFrance 606 $aReligion and sociology$zFrance 606 $aSocial problems$zFrance 606 $aIslamaphobia$zFrance 607 $aFrance$xSocial conditions$y1995- 608 $aElectronic books. 615 0$aXenophobia 615 0$aSocial classes 615 0$aReligion and social status 615 0$aReligion and sociology 615 0$aSocial problems 615 0$aIslamaphobia 676 $a306.440944 700 $aTodd$b Emmanuel$f1951-$0151130 702 $aLaforgue$b Philippe 702 $aBrown$b Andrew 801 0$bMiAaPQ 801 1$bMiAaPQ 801 2$bMiAaPQ 906 $aBOOK 912 $a9910162718003321 996 $aWho is Charlie$92893185 997 $aUNINA LEADER 01122nam0-2200313---450 001 990009917400403321 005 20241004134116.0 035 $a000991740 035 $aFED01000991740 035 $a(Aleph)000991740FED01 100 $a20141117d1954----km-y0itay50------ba 101 0 $aita 102 $aIT 105 $aaf------001yy 200 1 $aIndirizzi produttivi della trasformazione agraria nel mezzogiorno$eatti del primo convegno tecnico$e(Bari 10 - 11 luglio 1954)$fCassa per opere straordinarie di pubblico interesse nell'Italia meridionale 210 $aRoma$cIstituto poligrafico dello Stato$d1954 215 $a232 p., 3 c. di tav.$cill.$d24 cm 610 0 $aAgraria 676 $a338.1$v23$zita 710 02$aCassa per opere straordinarie di pubblico interesse nell'Italia meridionale$0287783 801 0$aIT$bUNINA$gRICA$2UNIMARC 901 $aBK 912 $a990009917400403321 952 $aU 7/16$b3653$fDINGE 952 $aA AGR 1262$b13417/2024$fFAGBC 959 $aDINGE 959 $aFAGBC 996 $aIndirizzi produttivi della trasformazione agraria nel mezzogiorno$9831386 997 $aUNINA